000 00431nam a22001817a 4500
003 MPLRDC
005 20220104123458.0
008 210129b ||||| |||| 00| 0 eng d
082 _a528.972 WXL
100 _a吴锡麟编著
245 _a朝阳神功
_c
250 _a初版
260 _a
_b无缺点出版社
_c1979
300 _b
490 _a最新气功丛书
650 _a中国武术
942 _cBK
_o528.972 WXL
999 _c11746
_d11736